Предоставление мобильным пользователям информации с учётом контекста; Технологии Microsoft в теории и практике программирования

Bibliografski detalji
Parent link:Технологии Microsoft в теории и практике программирования.— 2011
Glavni autor: Шабанов С. Н.
Daljnji autori: Тузовский А. Ф. (научный руководитель)
Sažetak:Заглавие с экрана
Jezik:ruski
Izdano: 2011
Teme:
Online pristup:http://www.lib.tpu.ru/fulltext/v/Conferences/2011/K01/060.pdf
Format: MixedMaterials Elektronički Poglavlje knjige
KOHA link:https://koha.lib.tpu.ru/cgi-bin/koha/opac-detail.pl?biblionumber=200507

MARC

LEADER 00000naa2a2200000 4500
001 200507
005 20260126165734.0
035 |a (RuTPU)RU\TPU\book\218584 
035 |a RU\TPU\book\218563 
090 |a 200507 
100 |a 20110908d2011 k y0rusy50 ca 
101 0 |a rus 
102 |a RU 
135 |a drnn ---uucaa 
181 0 |a i  
182 0 |a b 
200 1 |a Предоставление мобильным пользователям информации с учётом контекста  |f С. Н. Шабанов  |g науч. рук. А. Ф. Тузовский 
203 |a Текст  |c электронный 
215 |a 1 файл (479 Кб) 
300 |a Заглавие с экрана 
337 |a Adobe Reader 
463 1 |0 (RuTPU)RU\TPU\book\216661  |t Технологии Microsoft в теории и практике программирования  |o сборник докладов VIII Всероссийской научно-практической конференции студентов, аспирантов и молодых учёных (Томск, 23-24 марта 2011 г.)  |f Национальный исследовательский Томский политехнический университет (ТПУ) (2009-), Институт кибернетики  |d 2011 
610 1 |a информация 
610 1 |a сервисы 
610 1 |a мобильность 
610 1 |a повсеместные компьютерные среды 
610 1 |a электронный ресурс 
610 1 |a труды учёных ТПУ 
700 0 |a Шабанов  |b С. Н. 
702 1 |a Тузовский  |b А. Ф.  |4 727 
801 1 |a RU  |b 63413507  |c 20110825 
801 2 |a RU  |b 63413507  |c 20120117  |g RCR 
856 4 |u http://www.lib.tpu.ru/fulltext/v/Conferences/2011/K01/060.pdf 
942 |c CF